LEADER 03553nam 2200637Ia 450 001 9910458568903321 005 20200520144314.0 010 $a1-282-86109-3 010 $a9786612861093 010 $a0-7735-7099-3 035 $a(CKB)2560000000052108 035 $a(EBL)3248593 035 $a(SSID)ssj0000381845 035 $a(PQKBManifestationID)11276926 035 $a(PQKBTitleCode)TC0000381845 035 $a(PQKBWorkID)10391994 035 $a(PQKB)11742130 035 $a(MiAaPQ)EBC3331979 035 $a(MiAaPQ)EBC3248593 035 $a(Au-PeEL)EBL3331979 035 $a(CaPaEBR)ebr10558928 035 $a(CaONFJC)MIL286109 035 $a(OCoLC)923234339 035 $a(EXLCZ)992560000000052108 100 $a20030503d2003 uy 0 101 0 $aeng 135 $aur|n|---||||| 181 $ctxt 182 $cc 183 $acr 200 00$aChanging Canada$b[electronic resource] $epolitical economy as transformation /$fedited by Wallace Clement and Leah F. Vosko 210 $aMontreal ;$aIthaca $cMcGill-Queen's University Press$dc2003 215 $a1 online resource (531 p.) 300 $aDescription based upon print version of record. 311 $a0-7735-2531-9 311 $a0-7735-2530-0 320 $aIncludes bibliographical references. 327 $aIntro; Contents; Acknowledgments; Introduction; PART ONE: POLITICAL TRANSFORMATIONS; PART TWO: WELFARE STATE RESTRUCTURING: SHIFTING EMPLOYMENT FORMS AND NEW HOUSEHOLD FORMS; PART THREE: INTERNATIONAL BOUNDARIES AND CONTEXTS; PART FOUR: THE NEW URBAN EXPERIENCE; PART FIVE: CREATIVE SITES OF RESISTANCE: ECOLOGY, LABOUR, YOUTH, AND POPULAR CULTURE; Contributors; 1 Politics in the Time and Space of Globalization; 2 Transformative Politics, the State, and the Politics of Social Change in Quebec; 3 Decolonization and Recolonization in Canada; 4 Social Movements and Transformation 327 $a5 Politics and Transformation: Welfare State Restructuring in Canada6 No Minor Matter: The Political Economy of Childcare in Canada; 7 Pay Equity: Complexity and Contradiction in Legal Rights and Social Processes; 8 Gender Paradoxes and the Rise of Contingent Work: Towards a Transformative Political Economy of the Labour Market; 9 Beyond the Continentalist/Nationalist Divide: Politics in a North America ""without Borders""; 10 ""Playin' Along"": Canada and Global Finance; 11 Toward a North American Common Currency; 12 The Transformation of Communication in Canada 327 $a13 Municipal Restructuring, Urban Services and the Potential for the Creation of Transformative Political Spaces14 The Urban Experience and Globalization; 15 Immigration, Ethnicity, and Race: The Transformation of Transnationalism, Localism, and Identities; 16 Ecology, Political Economy, and Social Transformation; 17 Canadian Labour and the Political Economy of Transformation; 18 Towards a ""Cultural"" Political Economy of Canadian Youth; 19 Finding Godot? Bringing Popular Culture into Canadian Political Economy 606 $aSocial change$zCanada 607 $aCanada$xEconomic conditions$y1991- 607 $aCanada$xPolitics and government$y1980- 607 $aCanada$xSocial conditions$y1991- 608 $aElectronic books. 615 0$aSocial change 676 $a971.064/8 701 $aClement$b Wallace$0866788 701 $aVosko$b Leah F$0875377 801 0$bMiAaPQ 801 1$bMiAaPQ 801 2$bMiAaPQ 906 $aBOOK 912 $a9910458568903321 996 $aChanging Canada$92243420 997 $aUNINA LEADER 02548nam 2200493 450 001 9910164862103321 005 20230629234046.0 010 $a1-77299-511-8 035 $a(CKB)3710000001064678 035 $a(MiAaPQ)EBC4838577 035 $a(Au-PeEL)EBL4838577 035 $a(CaPaEBR)ebr11375604 035 $a(OCoLC)983739052 035 $a(VaAlCD)20.500.12592/r8fn9t 035 $a(EXLCZ)993710000001064678 100 $a20210906d2021 uy 1 101 0 $aeng 135 $aurcnu|||||||| 181 $2rdacontent 182 $2rdamedia 183 $2rdacarrier 200 10$aChill waters /$fby Joan Hall Hovey 205 $aSecond edition. 210 1$a[Place of publication not identified] :$cBooks We Love,$d[2021] 210 4$dİ2021 215 $a1 online resource (205 pages) 311 $a1-77299-512-6 327 $aCHILL WATERS -- By Joan Hall Hovey -- Anonymous -- Chapter One -- Chapter Two -- Chapter Three -- Chapter Four -- Chapter Five -- Chapter Six -- Chapter Seven -- Chapter Eight -- Chapter Nine -- Chapter Ten -- Chapter Eleven -- Chapter Twelve -- Chapter Thirteen -- Chapter Fourteen -- Chapter Fifteen -- Chapter Sixteen -- Chapter Seventeen -- Chapter Eighteen -- Chapter Nineteen -- Chapter Twenty -- Chapter Twenty-One -- Chapter Twenty-Two -- Chapter Twenty-Three -- Chapter Twenty-Four -- Chapter Twenty-Five -- Chapter Twenty-Six -- Chapter Twenty-Seven -- Chapter Twenty-Eight -- Chapter Twenty-Nine -- Chapter Thirty -- Chapter Thirty-One -- Chapter Thirty-Two -- Chapter Thirty-Three -- Chapter Thirty-Four -- Chapter Thirty-Five -- Chapter Thirty-Six -- Chapter Thirty-Seven -- Chapter Thirty-Eight -- Chapter Thirty-Nine -- Chapter Forty -- Chapter Forty-One -- Chapter Forty-Two -- EPILOGUE -- Joan Hall Hovey books also published by BWL Publishing Inc. 330 $aFollowing the breakup of her marriage, Rachael retreats to the old beachhouse in Jenny's Cove, where she once lived with her grandmother. It is the one place where she had always felt safe and loved. Devasted and lost, Rachael longs for the simplicity of her childhood.. 606 $aDivorced women$vFiction 606 $aStalking victims$vFiction 606 $aMurderers$vFiction 615 0$aDivorced women 615 0$aStalking victims 615 0$aMurderers 676 $a813.54 700 $aHovey$b Joan Hall$01367326 801 0$bMiAaPQ 801 1$bMiAaPQ 801 2$bMiAaPQ 906 $aBOOK 912 $a9910164862103321 996 $aChill waters$93390686 997 $aUNINA